000 00549nam a2200193Ia 4500
005 20250508160654.0
008 008 250505s9999 xx 000 0 eng d
037 _aTextual
040 _aFEDL
_beng
_cFEDL
041 _aeng
_2eng
084 _a181.4, VYA
_qFEDL
100 _aVyas Ram Narayan
245 0 _aUniversalistic thought of India
260 _aBombay, India
_bLalvani Publishing House
_c1970
300 _aviii,142p
650 _aOriental philosophy
_9755543
942 _cTEXL
_h181.4, VYA
999 _c1365957
_d1365957